[Event "Heusenstamm Sparkassen op-B 9th"]
[Site "Heusenstamm"]
[Date "2023.11.26"]
[Round "6"]
[White "Niesel, Markus"]
[Black "Baumgart, Jost"]
[Result "0-1"]
[WhiteElo "1186"]
[BlackElo "1411"]
[PlyCount "74"]
[EventDate "2023.11.23"]
[EventType "swiss"]
[EventRounds "7"]
[EventCountry "GER"]
[SourceTitle "EXT 2025"]
[Source "ChessBase"]
[SourceDate "2024.10.14"]
[SourceVersion "1"]
[SourceVersionDate "2024.10.14"]
[SourceQuality "1"]

1. e4 e5 2. Nf3 Nc6 3. Bc4 Bc5 4. c3 Nf6 5. 0-0 0-0 6. d4 exd4 7. e5 Ng4 8. cxd4 Bb4 9. h3 d5 10. Bd3 f6 11. hxg4 Bxg4 12. Be2 fxe5 13. Nxe5 Bxe2 14. Qxe2 Nxd4 15. Qd3 Bc5 16. Be3 Qh4 17. Nd2 Rae8 18. Bxd4 Qxd4 19. Qxd4 Bxd4 20. Nd3 Re2 21. Rad1 g5 22. g3 h5 23. Kg2 c5 24. b3 b5 25. Nf3 Be3 26. Nc1 g4 27. Nh4 Rc2 28. Rxd5 Rcxf2+ 29. Rxf2 Rxf2+ 30. Kh1 Rf1+ 31. Kg2 Rxc1 32. Rd8+ Kf7 33. Rd7+ Ke6 34. Rxa7 c4 35. Ra6+ Kd5 36. Nf5 Rc2+ 37. Kf1 Rf2+ 0-1

[Event "Heusenstamm Sparkassen op-B 9th"]
[Site "Heusenstamm"]
[Date "2023.11.24"]
[Round "3"]
[White "Baumgart, Jost"]
[Black "Fischermann, Charlotte"]
[Result "0-1"]
[WhiteElo "1411"]
[BlackElo "1248"]
[PlyCount "86"]
[EventDate "2023.11.23"]
[EventType "swiss"]
[EventRounds "7"]
[EventCountry "GER"]
[SourceTitle "EXT 2025"]
[Source "ChessBase"]
[SourceDate "2024.10.14"]
[SourceVersion "1"]
[SourceVersionDate "2024.10.14"]
[SourceQuality "1"]

1. e4 e5 2. Nf3 Nc6 3. Bb5 Nf6 4. 0-0 Bd6 5. Re1 a6 6. Ba4 0-0 7. c3 b5 8. Bb3 Re8 9. d3 Bc5 10. Nbd2 d5 11. exd5 Nxd5 12. Ne4 Bb6 13. Bg5 Nde7 14. Ng3 h6 15. Bh4 Bg4 16. h3 Bd7 17. Nxe5 Nxe5 18. Rxe5 g5 19. Bxg5 hxg5 20. Rxg5+ Ng6 21. Rxg6+ Kf8 22. Qf3 Qe7 23. Bxf7 Qxf7 24. Rf6 Be6 25. Rxf7+ Bxf7 26. Nf5 Rad8 27. d4 Re6 28. Qb7 Rde8 29. Qxa6 Bxd4 30. Qa3+ b4 31. Qxb4+ c5 32. Qb5 Be5 33. Qxc5+ Kg8 34. a4 Bf4 35. g3 Bb8 36. b4 Re5 37. Nh6+ Kg7 38. Qb6 R5e6 39. Nf5+ Kf6 40. Qb7 Bg6 41. Ng7 Re1+ 42. Rxe1 Rxe1+ 43. Kg2 Be4+ 0-1

[Event "Heusenstamm Sparkassen op-B 9th"]
[Site "Heusenstamm"]
[Date "2023.11.24"]
[Round "2"]
[White "Baumgart, Jost"]
[Black "Klein, Raphael"]
[Result "0-1"]
[WhiteElo "1411"]
[BlackElo "1458"]
[PlyCount "88"]
[EventDate "2023.11.23"]
[EventType "swiss"]
[EventRounds "7"]
[EventCountry "GER"]
[SourceTitle "EXT 2025"]
[Source "ChessBase"]
[SourceDate "2024.10.14"]
[SourceVersion "1"]
[SourceVersionDate "2024.10.14"]
[SourceQuality "1"]

1. e4 e5 2. Nf3 Nc6 3. Nc3 Nf6 4. d4 exd4 5. Nxd4 d5 6. exd5 Nxd5 7. Nxc6 bxc6 8. Bc4 Be6 9. 0-0 Nxc3 10. Qxd8+ Rxd8 11. Bxe6 Ne2+ 12. Kh1 fxe6 13. Re1 Nxc1 14. Raxc1 Kf7 15. Re3 Be7 16. Rce1 Rd6 17. c4 c5 18. g3 Bf6 19. b3 Rf8 20. f4 g6 21. R1e2 Re8 22. Kg2 e5 23. fxe5 Rde6 24. Rf2 Rxe5 25. Ref3 R8e6 26. g4 Kg7 27. h3 Re2 28. Rxf6 Rxf2+ 29. Rxf2 h6 30. Rd2 Kf6 31. Rd5 Re5 32. Rd7 Re2+ 33. Kg3 Rxa2 34. Rxc7 Rb2 35. Rc6+ Kf7 36. Rxc5 Rxb3+ 37. Kf4 Rb7 38. h4 Re7 39. Rc6 a5 40. c5 Ra7 41. Ke5 a4 42. Rf6+ Ke8 43. Rxg6 a3 44. Rg8+ Kf7 0-1

[Event "GER-chT U12"]
[Site "Magdeburg"]
[Date "2021.08.06"]
[Round "3.6"]
[White "Heilmann, Ramon"]
[Black "Baumgart, Jost"]
[Result "1/2-1/2"]
[WhiteElo "996"]
[BlackElo "1017"]
[PlyCount "42"]
[EventDate "2021.08.04"]
[EventType "team-swiss"]
[EventRounds "7"]
[EventCountry "GER"]
[SourceTitle "EXT 2022"]
[Source "ChessBase"]
[SourceDate "2021.10.06"]
[SourceVersion "1"]
[SourceVersionDate "2021.10.06"]
[SourceQuality "1"]
[WhiteTeam "Erfurt USV"]
[BlackTeam "Marburg"]
[WhiteTeamCountry "GER"]
[BlackTeamCountry "GER"]

1. e4 e5 2. Nf3 Nc6 3. Bc4 Nf6 4. Nc3 Bb4 5. a3 Bxc3 6. dxc3 d6 7. h3 Be6 8. Bd5 Qd7 9. Ng5 0-0-0 10. c4 Na5 11. b3 c6 12. Bxe6 fxe6 13. 0-0 d5 14. Qd2 b6 15. Rd1 h6 16. Nf3 Nxe4 17. Nxe5 Nxd2 18. Nxd7 Rxd7 19. Bxd2 dxc4 20. Bxa5 bxa5 21. Rxd7 Kxd7 1/2-1/2